000 00701nam a22002417a 4500
001 ELB015701
003 PILC
005 20160128094201.0
008 150514b xxu||||| |||| 00| 0 eng d
010 _a
020 _a0440479002
050 _aPZ7 .Sp31 1983
100 1 _aSpeare, Elizabeth George.
245 1 4 _aThe sign of the beaver
_cElizabeth George Speare.
260 _aNew York :
_bBantam Doubleday,
_cc1983.
300 _a135 p. ;
_c19 cm.
500 _a"A Yearling book"
650 _aFriendship
_xFiction.
650 _aFrontier and pioneer life
_xFiction.
650 _aIndians of South America
_xFiction.
650 _aSurvival
_xFiction.
942 _2lcc
_cBK
_mPZ 7 .Sp31 1983
999 _c283982
_d283982